| 000 | 01275nam a22002537a 4500 | ||
|---|---|---|---|
| 999 |
_c16958 _d16958 |
||
| 005 | 20251125232850.0 | ||
| 008 | s2537 th tha d | ||
| 040 | _aNALT | ||
| 041 | _atha | ||
| 100 | 0 | _aธีระพล อรุณะกสิกร | |
| 245 | 1 | 0 | _aพระราชบัญญัติความร่วมมือระหว่างประเทศในเรื่องอาญา พ.ศ. 2535 |
| 260 | 3 |
_aกรุงเทพฯ : _bวิญญูชน, _c2537 |
|
| 300 |
_a39 หน้า ; _b 21 ซม. |
||
| 650 | 0 | 4 | _aกฎหมายระหว่างประเทศ |
| 650 | 0 | 4 | _aคดีอาญา -- ความร่วมมือระหว่างประเทศ -- 2535 |
| 650 | 0 | 4 | _aความร่วมมือระหว่างประเทศ -- คดีอาญา |
| 650 | 0 | 4 | _aความร่วมมือระหว่างประเทศ (พ.ร.บ.) -- อาญา -- 2535 |
| 700 | 0 | _aธีระพล อรุณะกสิกร | |
| 850 | _aNALT | ||
| 856 | 4 | 0 |
_uhttps://hdl.handle.net/20.500.14156/460778 _71 |
| 942 |
_cLB _2lcc |
||
| 998 |
_j25 _k นีลวัสน์ อินทรักษา |
||
| 090 | _aKF42 ธ667พ 2537 | ||